000 00889nam a2200217Ia 4500
001 16759
003 GE_BSU
008 181216s||||||||xx |||||||||||||| ||und||
040 _cGE_BSU
080 _a821.353.1-1
100 _aბესიკი (1750-1791)
245 _aთხზულებათა სრული კრებული
245 _cტექსტი, შენიშვნები, ლექსიკონი / ალ. ბარამიძისა და ვ. თოფურიას რედ. ; [ალ. ბარამიძის წინასიტყვაობით
250 _aმე-6 გამოც
260 _aთბილისი
260 _bსაბჭ. მწერალი
260 _c1962
300 _a361გვ. ; 21სმ
653 _aთხზულებათა სრული კრებული
942 _cBK
999 _c49824
_d49824